144_ Personnalités nées un 24 mai par images - Statistiques

Statistiques générales
  • Ce quiz a été pris 25 fois
  • Le résultat moyen est 4 sur 12
Statistiques - réponses
Par images Hint Réponse % Correct
Footballeur Éric Cantona
80%
Reine Victoria
80%
Acteur Jean-Pierre Bacri
72%
Chanteur Pierre de Maere
60%
Tenniswoman Suzanne Lenglen
48%
Chanteur Bob Dylan
32%
Actrice Dominique Lavanant
28%
Politicien Jean-Paul Marat
28%
Actrice Priscilla Presley
8%
Actrice Déborah François
4%
Chanteuse Kareen Antonn
0%
Actrice Lilli Palmer
0%
Aucun quiz correspondant
Distribution des résultats
% des personnes avec chaque résultat
Percentile par nombre de réponses
Votre historique - résultats
Vous n’avez pas pris ce quiz